Countries with the Most Non-resident Indian - Statistics

General Stats
  • This quiz has been taken 36 times
  • The average score is 8 of 10
Answer Stats
Population (m) Percentage(%) Country % Correct
1.05 1.8 United Kingdom
100%
4.4 1.3 United States
100%
1.43 4.02 Canada
91%
3.86 42.1 United Arab Emirates
88%
4.12 23.22 Saudi Arabia
85%
2.1 7.4 Malaysia
79%
4.01 14.7 Nepal
74%
1.36 2.40 South Africa
71%
0.85 5.4 Sri Lanka
68%
1.18 2.50 Myanmar
47%
No matching quizzes found
Score Distribution
Percent of People with Each Score
Percentile by Number Answered
Your Score History
You have not taken this quiz